Loading...
| Philosophy | 0 | 2 | 0 | 1 | 20 | 96 | 111.00 | 0 | 0 |
| Religion | 0 | 2 | 0 | 1 | 20 | 94 | 111.50 | 0 | 0 |
| History - Other History | 0 | 3 | 2 | 1 | 20 | 73 | 93.67 | 0 | 0 |
| History - World History | 0 | 2 | 0 | 0 | 20 | 87 | 88.50 | 0 | 1 |
| Literature - American Literature | 0 | 2 | 0 | 0 | 20 | 111 | 129.00 | 0 | 0 |
| Fine Arts - Other Fine Arts | 0 | 2 | 0 | 0 | 20 | 65 | 71.50 | 0 | 1 |
| Science - Other Science | 0 | 1 | 0 | 1 | 10 | 115 | 115.00 | 0 | 0 |
| Science - Biology | 0 | 1 | 0 | 0 | 10 | 111 | 111.00 | 0 | 0 |
| History - European History | 0 | 2 | 2 | 0 | 10 | 53 | 90.00 | 1 | 2 |
| Mythology | 0 | 1 | 0 | 1 | 10 | 140 | 140.00 | 0 | 0 |
| History - American History | 0 | 1 | 1 | 0 | 5 | 61 | 61.00 | 0 | 1 |
| Current Events | 0 | 0 | 0 | 0 | 0 | 0.00 | 0 | 0 | |
| Fine Arts - Classical Music | 0 | 0 | 0 | 0 | 0 | 0.00 | 0 | 0 | |
| Literature - European Literature | 0 | 0 | 0 | 0 | 0 | 0.00 | 0 | 0 | |
| Science - Chemistry | 0 | 0 | 0 | 0 | 0 | 0.00 | 0 | 0 | |
| Literature - British Literature | 0 | 0 | 1 | 0 | -5 | 0.00 | 0 | 0 |